Archer (TV show) Characters by Picture - Statistics

General Stats
  • This quiz has been taken 383 times
  • The average score is 12 of 16
Answer Stats
Picture Answer % Correct
Sterling Archer
99%
Cheryl Tunt
95%
Arthur Woodhouse
94%
Barry Dillon
94%
Lana Kane
92%
Cyril Figgis
90%
Mallory Archer
87%
Ron Cadillac
83%
Slater
79%
Ray Gillette
69%
Pam Poovey
66%
Dr. Algernop Krieger
63%
Katya Kazanova
59%
Zara Khan
43%
Fabian Kingsworth
40%
Trinette McGoon
40%
No matching quizzes found
Score Distribution
Percent of People with Each Score
Percentile by Number Answered
Your Score History
You have not taken this quiz